Exterminio /

Furkejuvvon:
Bibliográfalaš dieđut
Váldodahkki: Kellerman, Jonathan (autor)
Materiálatiipa: Girji
Giella:espánnjágiella
Almmustuhtton: Barcelona, España : Planeta, 2002, c2002
Fáttát:
Fáddágilkorat: Lasit fáddágilkoriid
Eai fáddágilkorat, Lasit vuosttaš fáddágilkora!

MARC

LEADER 00000nam^a2200000^a^4500
001 000380794
005 20250521000000.0
009 20260310120619.95
020 |a 84-08-04525-3 
037 |a Acervo ITESO - Biblioteca 
041 |a ESP 
082 |a 813.  |b KEL 
100 |a Kellerman, Jonathan  |e (autor) 
240 1 1 |a [Alex Delaware, de Jonathan Kellerman] 
245 1 0 |a Exterminio /  |c J. Kellerman ; tr. por Josefina Guerrero. 
246 2 |a Título en la cubierta: Exterminio: la amenaza de los herederos del nazismo aún está viva 
264 4 |a Barcelona, España :  |b Planeta,  |c 2002, c2002 
300 |a 443 p. 
336 |a texto  |b txt  |2 rdacontenido 
337 |a sin mediación  |b n  |2 rdamedio 
338 |a volumen  |b nc  |2 rdasoporte 
500 |a Traducción de: Survival of the Fittest 
545 0 |a Jonathan Kellerman (1949- ), psicólogo y prolífico escritor norteamericano, celebrado por su serie de novelas protagonizadas por el psicólogo forense Alex Delaware. La serie consta de 38 novelas, la primera publicada en 1985 bajo el título When the Bough Breaks, y la más reciente, Unnatural History, en 2023. En dicha serie, el psicólogo Alex Delaware asiste al Departamento de Policía de Los Angeles, a resolver varios casos de asesinatos, pero se caracteriza por mostrar empatía y sensibilidad ante los problemas mentales de los responsables. Kellerman ha escrito además otras novelas policíacas a partir de personajes secundarios que incluyó originalmente en su serie de Alex Delaware. 
649 |a XX 
650 |a Psicólogos en la Literatura 
650 |a Detectives en la Literatura 
650 |a Asesinos en la Literatura 
650 |a Novela Norteamericana 
650 |a Literatura Norteamericana -  |y Siglo XX 
650 |a Literatura Policíaca y de Misterio -  |z EUA 
650 |a Nazismo en la Literatura 
650 |a Investigación del Delito en la Literatura 
650 |a Psicología Criminal en la Literatura 
650 |a Los Angeles, EUA en la Literatura 
910 |a Fondo General 
920 |a Impresos - Libros 
930 |a Colección General 
940 |a Literatura 
905 |a 101 
901 |a 0500275466  |b IT1  |c LIT  |i D77136  |u 20250521 
902 |a https://opac.biblio.iteso.mx/vufind/Record/000380794